000 00415nam a2200145Ia 4500
008 230312s9999||||xx |||||||||||||| ||und||
020 _a9781418020231
082 _a005.276
_bGRA-T
100 _aGibbs,C
245 0 _aExtending and improving your home : an introduction
260 _bThomson
_aCanada
_c2007
300 _a483
650 _aComputer
_vElectronic data processing personnel Certification
942 _cBK
999 _c17651
_d17651